| 000 | 01189nam a2200265Ia 4500 | ||
|---|---|---|---|
| 001 | 18005 | ||
| 003 | GE_BSU | ||
| 008 | 181216s||||||||xx |||||||||||||| ||und|| | ||
| 040 | _cGE_BSU | ||
| 080 | _a811.353.1 | ||
| 245 | _aსაენათმეცნიერო ძიებანი | ||
| 245 | _bსტატიების კრებული | ||
| 245 | _cსარედ. კოლ.: არაბული ა. ბურჭულაძე გ. და სხვ. რედ.: ბ. ჯორბენაძე | ||
| 260 | _aთბილისი | ||
| 260 | _bთბილ. უნ-ტის გამ-ბა | ||
| 260 | _c1983 | ||
| 300 | _a258გვ. ; 22სმ. | ||
| 300 | _eბიბლიოგრ. ტექსტის შენიშვნებში. | ||
| 520 | _aსტატიების ბოლოს რეზ. რუს. ენ.. | ||
| 541 | _h6ლ. | ||
| 653 | _aენათმეცნიერება; ქართული ენა; კავკასიური ენები | ||
| 653 | _aსაენათმეცნიერო ძიებანი | ||
| 653 | _aსტატიების კრებული | ||
| 942 | _cBK | ||
| 999 |
_c51048 _d51048 |
||